00288nam a2200121Ia 4500008004100000041000900041082002000050100001700070245002700087260003600114300000800150650000800158230718s9999 xx 000 0 und d aEng. a35253095bQAM-P aQamar, Fayaz 0aPublic Procuement Lawa aPakistanbPunjab Law Bookc2014 a132 aLaw